Cursillo de iniciación musical
Publicado:
San Jorge, núm. 72 ( 4t trimestre 1968), pàg 56 - 57 :
Materias:
Música -- Ensenyament -- Mataró
MARC
| LEADER | 00000nam a2200000Ia 4500 | ||
|---|---|---|---|
| 001 | |||
| 008 | 160829s9999 xx 000 0 cat d | ||
| 245 | |a Cursillo de iniciación musical | ||
| 260 | |a San Jorge, núm. 72 ( 4t trimestre 1968), pàg 56 - 57 | ||
| 650 | |a Música |x Ensenyament |x Mataró |9 36209 | ||
| 901 | |a Arxiu | ||
| 942 | |n 1 | ||
| 952 | |0 0 |1 0 |4 0 |7 1 |9 49530 |a Arxiu |b Arxiu |d 2016-12-01 |l 0 |r 2016-12-01 00:00:00 |w 2016-12-01 |y ARXIU | ||
| 999 | |c 53372 |d 53372 | ||